[Event "Muensterland Verbandsklasse 2122"]
[Site "Germany"]
[Date "2021.11.06"]
[Round "2.5"]
[White "Ter Veen, Michael"]
[Black "Vera, Antonio"]
[Result "1/2-1/2"]
[WhiteElo "1613"]
[BlackElo "1669"]
[PlyCount "34"]
[EventDate "2021.09.25"]
[EventType "team-tourn"]
[EventRounds "2"]
[EventCountry "GER"]
[SourceTitle "EXT 2023"]
[Source "ChessBase"]
[SourceDate "2022.10.05"]
[SourceVersion "1"]
[SourceVersionDate "2022.10.05"]
[SourceQuality "1"]
[WhiteTeam "Muenster Indische Dame"]
[BlackTeam "Hiltrup"]
[WhiteTeamCountry "GER"]
[BlackTeamCountry "GER"]

1. c4 c5 2. Nc3 Nc6 3. g3 g6 4. Bg2 Bg7 5. e3 Nf6 6. Nge2 0-0 7. d4 cxd4 8. exd4 d6 9. 0-0 a6 10. h3 Rb8 11. Be3 e6 12. Kh2 Ne7 13. Qd2 d5 14. Bf4 Ra8 15. c5 Bd7 16. Bd6 Ne8 17. Bf4 Nf6 1/2-1/2

[Event "Muensterland Verbandsklasse 1718"]
[Site "Germany"]
[Date "2017.12.16"]
[Round "4.3"]
[White "Fischer, Andreas3333"]
[Black "Ter Veen, Michael"]
[Result "1/2-1/2"]
[WhiteElo "1912"]
[BlackElo "1668"]
[PlyCount "67"]
[EventDate "2017.09.16"]
[EventType "team-tourn"]
[EventRounds "9"]
[EventCountry "GER"]
[SourceTitle "EXT 2019"]
[Source "ChessBase"]
[SourceDate "2018.10.10"]
[SourceVersion "1"]
[SourceVersionDate "2018.10.10"]
[SourceQuality "1"]
[WhiteTeam "Saerbeck"]
[BlackTeam "Muenster Indische Dame"]
[WhiteTeamCountry "GER"]
[BlackTeamCountry "GER"]

1. e4 c5 2. Nf3 g6 3. d4 cxd4 4. Nxd4 Bg7 5. c4 Nc6 6. Be3 d6 7. Nc3 Nf6 8. Be2 0-0 9. 0-0 Bd7 10. Rc1 a6 11. h3 Ne8 12. Qd2 Rc8 13. Rfd1 Nc7 14. Nb3 Be6 15. Nd5 Na8 16. c5 Bxd5 17. exd5 Ne5 18. c6 bxc6 19. Bxa6 Rc7 20. f4 Nd7 21. Rxc6 Nb8 22. Rxc7 Nxc7 23. Bb7 Nd7 24. Rc1 Qb8 25. Bc6 Rd8 26. Rc4 Na6 27. Qa5 Ndc5 28. Nxc5 Nxc5 29. b4 Nd3 30. Ba7 Qc8 31. Bb5 Qa8 32. Bc6 Qc8 33. Bb6 Rf8 34. Qb5 1/2-1/2

[Event "Muensterland Verbandsklasse 1718"]
[Site "Germany"]
[Date "2017.11.25"]
[Round "3.4"]
[White "Iking, Bernhard"]
[Black "Ter Veen, Michael"]
[Result "1/2-1/2"]
[WhiteElo "1730"]
[BlackElo "1668"]
[PlyCount "41"]
[EventDate "2017.09.16"]
[EventType "team-tourn"]
[EventRounds "9"]
[EventCountry "GER"]
[SourceTitle "EXT 2019"]
[Source "ChessBase"]
[SourceDate "2018.10.10"]
[SourceVersion "1"]
[SourceVersionDate "2018.10.10"]
[SourceQuality "1"]
[WhiteTeam "Gescher"]
[BlackTeam "Muenster Indische Dame"]
[WhiteTeamCountry "GER"]
[BlackTeamCountry "GER"]

1. d4 d5 2. c4 e6 3. Nc3 Nf6 4. cxd5 exd5 5. Bg5 Be7 6. e3 c6 7. Bd3 Ne4 8. Bxe7 Qxe7 9. Qc2 Bf5 10. Nge2 Nd7 11. Ng3 Nxg3 12. hxg3 Bxd3 13. Qxd3 Nf6 14. Rb1 Ne4 15. b4 Nxc3 16. Qxc3 0-0 17. Ke2 Qd7 18. Rh4 Rfe8 19. Qd3 h6 20. b5 Re6 21. a4 1/2-1/2

[Event "Muensterland Verbandsklasse 1617"]
[Site "Germany"]
[Date "2016.12.10"]
[Round "4.4"]
[White "Schmitt, Konrad"]
[Black "Ter Veen, Michael"]
[Result "1-0"]
[WhiteElo "1673"]
[BlackElo "1730"]
[PlyCount "125"]
[EventDate "2016.09.24"]
[EventType "team"]
[EventRounds "9"]
[EventCountry "GER"]
[SourceTitle "EXT 2018"]
[Source "ChessBase"]
[SourceDate "2017.10.13"]
[SourceVersion "1"]
[SourceVersionDate "2017.10.13"]
[SourceQuality "1"]
[WhiteTeam "Muenster SK V"]
[BlackTeam "Muenster Indische Dame"]
[WhiteTeamCountry "GER"]
[BlackTeamCountry "GER"]

1. e4 c5 2. Nf3 g6 3. d4 cxd4 4. Nxd4 Bg7 5. c3 d6 6. Be3 Nf6 7. f3 0-0 8. Qd2 Nc6 9. Be2 Bd7 10. Na3 a6 11. Nac2 Rc8 12. Nxc6 Bxc6 13. Nd4 d5 14. e5 Ne8 15. f4 Nc7 16. 0-0 f6 17. Nf3 Qd7 18. exf6 exf6 19. Rad1 Rfe8 20. Bd4 Re7 21. Bc5 Rf7 22. Nd4 f5 23. Nf3 Re8 24. Bd3 Ne6 25. Bf2 Qd6 26. Bg3 Nc5 27. Bc2 Rfe7 28. Rfe1 Rxe1+ 29. Rxe1 Rxe1+ 30. Bxe1 Ne4 31. Qe3 h6 32. g3 a5 33. Nd4 Qc5 34. Bxe4 fxe4 35. Bf2 Bxd4 36. Qxd4 Qxd4 37. Bxd4 Kf7 38. Kf2 Ke6 39. g4 Bd7 40. Bc5 Kf6 41. Kg3 a4 42. b3 axb3 43. axb3 Bb5 44. Bd4+ Kf7 45. h3 Be2 46. Kf2 Bd1 47. b4 h5 48. gxh5 gxh5 49. f5 Ba4 50. Kg3 Bd1 51. Kf4 Be2 52. Ke5 Bc4 53. Kd6 e3 54. Bxe3 Kf6 55. Kc7 Ba6 56. Kb6 Bf1 57. h4 Kxf5 58. Kxb7 Ke6 59. Kc6 Bg2 60. Bd4 Ke7 61. b5 Kd8 62. b6 Kc8 63. b7+ 1-0

[Event "Muensterland Verbandsklasse 1516"]
[Site "Germany"]
[Date "2016.05.28"]
[Round "9.5"]
[White "Schemmann, Bernhard"]
[Black "Ter Veen, Michael"]
[Result "1-0"]
[WhiteElo "1845"]
[BlackElo "1755"]
[PlyCount "101"]
[EventDate "2015.09.19"]
[EventType "team"]
[EventRounds "9"]
[EventCountry "GER"]
[SourceTitle "EXT 2017"]
[Source "ChessBase"]
[SourceDate "2016.10.25"]
[SourceVersion "1"]
[SourceVersionDate "2016.10.25"]
[SourceQuality "1"]
[WhiteTeam "Beelen II"]
[BlackTeam "Muenster Indische Dame"]
[WhiteTeamCountry "GER"]
[BlackTeamCountry "GER"]

1. f4 d5 2. Nf3 Nf6 3. g3 Bf5 4. Bg2 h6 5. 0-0 c5 6. Ne5 Nbd7 7. c4 e6 8. cxd5 exd5 9. Qb3 Qb6 10. Bxd5 Qxb3 11. Bxb3 Bh3 12. Rf3 c4 13. Bxc4 Bc5+ 14. e3 0-0 15. Nc3 Rac8 16. Bb3 Bd6 17. d4 Bb4 18. Bd2 Bf5 19. Rff1 Bxc3 20. Bxc3 Be4 21. Bb4 Nxe5 22. fxe5 Nd5 23. Bxf8 Kxf8 24. Rac1 Rc6 25. Rxc6 bxc6 26. Bxd5 Bxd5 27. b3 Ke7 28. Rc1 Kd7 29. Rc5 Kc7 30. Kf2 Kb6 31. Ke2 Be4 32. Kd2 a5 33. Rc1 Kb5 34. Rf1 Bd5 35. Kd3 Kb4 36. e4 Be6 37. Rc1 Kb5 38. Rc5+ Kb6 39. Rc2 g6 40. a4 Kc7 41. d5 Bd7 42. Kd4 Kb6 43. Rc4 Be8 44. b4 axb4 45. Rxb4+ Ka7 46. Kc5 cxd5 47. exd5 Bd7 48. Kd6 Bf5 49. Ke7 Ka6 50. Kxf7 Ka5 51. Rb8 1-0

[Event "Muensterland Verbandsliga 1415"]
[Site "Germany"]
[Date "2014.11.08"]
[Round "3.5"]
[White "Ter Veen, Michael"]
[Black "Vestrick, Frank"]
[Result "0-1"]
[WhiteElo "1724"]
[BlackElo "1742"]
[PlyCount "61"]
[EventDate "2014.09.06"]
[EventType "team-tourn"]
[EventRounds "9"]
[EventCountry "GER"]
[SourceTitle "EXT 2016"]
[Source "ChessBase"]
[SourceDate "2015.10.08"]
[SourceVersion "1"]
[SourceVersionDate "2015.10.08"]
[SourceQuality "1"]
[WhiteTeam "Muenster Indische Dame"]
[BlackTeam "Heiden"]
[WhiteTeamCountry "GER"]
[BlackTeamCountry "GER"]

1. c4 Nf6 2. Nc3 g6 3. g3 Bg7 4. Bg2 0-0 5. Nf3 d6 6. d4 Nbd7 7. 0-0 e5 8. dxe5 dxe5 9. Qc2 c6 10. Rd1 Qc7 11. Rb1 Nc5 12. Ng5 h6 13. Nge4 Nfxe4 14. Nxe4 Bf5 15. b4 Ne6 16. Bb2 Nd4 17. Qd2 Rad8 18. Qe1 a5 19. Bc3 axb4 20. Rxb4 Nc2 21. Rxd8 Rxd8 22. Qb1 Nxb4 23. Bxb4 Rd4 24. h3 Qb6 25. g4 Bxe4 26. Bxe4 Rxe4 27. Qxe4 Qxb4 28. Qd3 Bf6 29. Kg2 Kg7 30. Kg3 Qc5 31. f3 0-1

[Event "Muensterland Verbandsklasse-A 0910"]
[Site "Germany"]
[Date "2010.04.24"]
[Round "9.7"]
[White "Ter Veen, Michael"]
[Black "Schellmann, Mareike"]
[Result "1/2-1/2"]
[WhiteElo "1726"]
[BlackElo "1572"]
[PlyCount "24"]
[EventDate "2009.09.19"]
[EventType "team-tourn"]
[EventRounds "9"]
[EventCountry "GER"]
[SourceTitle "EXT 2011"]
[Source "ChessBase"]
[SourceDate "2010.11.26"]
[SourceVersion "1"]
[SourceVersionDate "2010.11.26"]
[SourceQuality "1"]
[WhiteTeam "Muenster Indische Dame"]
[BlackTeam "Emsdetten Rochade II"]
[WhiteTeamCountry "GER"]
[BlackTeamCountry "GER"]

1. c4 Nf6 2. Nc3 d6 3. g3 g6 4. Bg2 Bg7 5. d4 0-0 6. Nf3 Nbd7 7. 0-0 e5 8. dxe5 Nxe5 9. Nxe5 dxe5 10. Bg5 Qxd1 11. Raxd1 Be6 12. b3 c6 1/2-1/2

[Event "Muensterland Verbandsklasse-B 0708"]
[Site "Germany"]
[Date "2007.11.17"]
[Round "3.7"]
[White "Ter Veen, Michael"]
[Black "Zachert, Axel"]
[Result "1/2-1/2"]
[WhiteElo "1725"]
[BlackElo "1587"]
[PlyCount "28"]
[EventDate "2007.09.15"]
[EventType "team"]
[EventRounds "9"]
[EventCountry "GER"]
[SourceTitle "EXT 2009"]
[Source "ChessBase"]
[SourceDate "2008.11.26"]
[SourceVersion "1"]
[SourceVersionDate "2008.11.26"]
[SourceQuality "1"]
[WhiteTeam "Muenster Indische Dame"]
[BlackTeam "Westerkappeln"]
[WhiteTeamCountry "GER"]
[BlackTeamCountry "GER"]

1. c4 Nf6 2. Nc3 c5 3. g3 g6 4. Bg2 Bg7 5. d3 0-0 6. e4 d6 7. Nge2 e5 8. 0-0 Nc6 9. f4 Bg4 10. h3 Bxe2 11. Nxe2 exf4 12. Bxf4 Nh5 13. Be3 Be5 14. g4 Ng7 1/2-1/2

[Event "Muensterland Verbandsklasse-B 0708"]
[Site "Germany"]
[Date "2007.10.20"]
[Round "2.8"]
[White "Ter Veen, Michael"]
[Black "Herdering, Rajesh"]
[Result "1-0"]
[WhiteElo "1725"]
[BlackElo "1404"]
[PlyCount "67"]
[EventDate "2007.09.15"]
[EventType "team"]
[EventRounds "9"]
[EventCountry "GER"]
[SourceTitle "EXT 2009"]
[Source "ChessBase"]
[SourceDate "2008.11.26"]
[SourceVersion "1"]
[SourceVersionDate "2008.11.26"]
[SourceQuality "1"]
[WhiteTeam "Muenster Indische Dame"]
[BlackTeam "Metelen"]
[WhiteTeamCountry "GER"]
[BlackTeamCountry "GER"]

1. c4 e5 2. Nc3 Nf6 3. g3 d5 4. cxd5 Nxd5 5. Bg2 Be6 6. Nf3 Nd7 7. 0-0 f5 8. d3 Bb4 9. Ng5 Nxc3 10. bxc3 Qe7 11. cxb4 c6 12. a4 h6 13. Nxe6 Qxe6 14. Bb2 h5 15. f4 h4 16. Qe1 hxg3 17. Qxg3 exf4 18. Qxf4 0-0 19. Qc4 Rae8 20. e4 Qxc4 21. dxc4 fxe4 22. Rad1 Rxf1+ 23. Kxf1 Nb6 24. c5 Nxa4 25. Ba1 b6 26. Rd7 bxc5 27. Rxg7+ Kf8 28. Rxa7 Nb6 29. bxc5 Nd5 30. Rh7 Re6 31. Bh3 Rg6 32. Bd4 Kg8 33. Rh8+ Kf7 34. Bf5 1-0